1746 1773 1925 1536 1105 1324 1657 1059 1183 1242 1249 1622 1939 1608 1888 1534 1089 1565 1959 1333 1810 1966 1100 1978 1029 1494 1618 1491 1525 1591 1839 1045 1433 1943 1711 1456 1933 1987 1447 1316 1184 1757 1926 1358 1346 1862 1075 1113 1517 1901 1331 1748 1778 1296 1699 1703 1422 1685 1707 1797 1993 1238 1565 1576 1407 1309 1833 1001 1791 1836 1910 1373 1999 1679 1101 1759 1133 1162 1348 1781 1214 1493 1147 1658 1792 1428 1032 1031 1861 1735 1185 1056 1490 1018 1958 1593 1890 1219 1580 BCNSPRNW ULIB Ver.6.0+V

เปลี่ยนเป็นภาษาไทย

Change to English
 แสดงรายละเอียดบรรณานุกรม
  กลับหน้าหลัก

Brief Record : Get Marc (ISO 2709) : E-mail record : QR code < ปิดหน้าต่าง
LEADER : 00000nam 2200000uu 4500
001    13399113561
003     ULIB
008    111128s2553||||th 000 0 tha d
020    9786160601233
090    ^aนว.^bป445ฟ 2553
100 0  ^aปราณธร
245 00 ^aไฟรักราน /^cปราณธร
250    ^aพิมพ์ครั้งที่ 2
260    ^aกรุงเทพฯ :^bแจ่มใส,^c2553
300    ^a300 หน้า
710 1  ^aแจ่มใส
945    ^p189^l0^i17076
995    ^aกัณชพร
999    ^aใช้งานได้ทุกระบบ
รายการนี้ยังไม่มีแท็ก
คุณยังไม่ได้ล็อกอิน คุณสามารถมีกิจกรรมร่วมกับเว็บไซต์ได้ แต่ต้องล็อกอินก่อน ::
  ล็อกอิน

รายการสื่อสารสนเทศ

ลำดับที่ ประเภท เลขเรียก/บาร์โค้ด สถานที่ สถานะ
1. วิทยาศาสตร์การแพทย์ และสุขภาพ
วิทยาศาสตร์การแพทย์ และสุขภาพ
นว. ป445ฟ 2553  
  Barcode: 17076
ห้องสมุดวิทยาเขตสวรรค์ประชารักษ์
►นวนิยาย
บนชั้น
  ขอยืม

รายการใกล้เคียง
    ผู้แต่ง [ปราณธร]

BibComment


ยังไม่เคยถูกคอมเมนท์

คอมเมนท์ทรัพยากรรายการนี้
  คอมเมนท์: ไฟรักราน ปราณธร


 Copyright 2026. Bcnsprnw @Library